Hazards, vulnerability and environmental justice / (Record no. 3717)

MARC details
000 -LEADER
fixed length control field 00670nam a22002172 4500
001 - CONTROL NUMBER
control field 0000013568
005 - DATE AND TIME OF LATEST TRANSACTION
control field 20151217145902.0
008 - FIXED-LENGTH DATA ELEMENTS--GENERAL INFORMATION
fixed length control field 090924s xx 000 0 eng d
020 ## - INTERNATIONAL STANDARD BOOK NUMBER
International Standard Book Number 1844073114 :
040 ## - CATALOGING SOURCE
Original cataloging agency KABU
Transcribing agency KABU
100 1# - MAIN ENTRY--PERSONAL NAME
Personal name Cutter, Susan L.
-- 0000171016
245 10 - TITLE STATEMENT
Title Hazards, vulnerability and environmental justice /
Statement of responsibility, etc. Susan L. Cutter.
250 ## - EDITION STATEMENT
Edition statement 1st ed.
260 ## - PUBLICATION, DISTRIBUTION, ETC. (IMPRINT)
Place of publication, distribution, etc. London :
Name of publisher, distributor, etc. Earthscan,
Date of publication, distribution, etc. 2006.
300 ## - PHYSICAL DESCRIPTION
Extent xxviii, 418 p.
650 #0 - SUBJECT ADDED ENTRY--TOPICAL TERM
Topical term or geographic name as entry element Environmental risk assessment.
-- 0000170999
650 #0 - SUBJECT ADDED ENTRY--TOPICAL TERM
Topical term or geographic name as entry element Environmental degradation.
-- 0000164456
852 1# - LOCATION
-- p3244 KES
908 ## - PUT COMMAND PARAMETER (RLIN)
Put command parameter 090924
950 ## - LOCAL HOLDINGS (RLIN)
-- 1
Holdings
Withdrawn status Lost status Source of classification or shelving scheme Not for loan Home library Current library Date acquired Total Checkouts Full call number Barcode Date last seen Price effective from Koha item type Date last checked out
    Library of Congress Classification   Kabarak, Main Campus Kabarak, Main Campus 17/12/2015   GE145 .C88 2006 c. 1 18139 17/12/2015 17/12/2015 General Collection  
    Library of Congress Classification   Kabarak, Main Campus Kabarak, Main Campus 17/12/2015 1 GE145 .C88 2006 c. 2 015711 29/02/2016 17/12/2015 General Collection 26/01/2016
Designed with assistance from East African Informatics Ltd